00492 2200205 4500001002100000005001700021006001900038008004100057020001800098035002500116082000800141084001400149100001900163245001400182250000600196260002200202650002000224990002100244990002100265INLIS00000000000205420150320095021.0a ||| | 170609| ||| |  a979-9409-17-9 a0010-0115000000000570 aFIK aFIK KUR k0 aAgus Kurniawan00aKaki emas a1 bWahana Ilmuc2003 0aFiksi Indonesia a0097/b/kpad/2010 a0098/b/kpad/2010